DZIEŃ JAKICH OSÓB OBCHODZIMY W CIĄGU ROKU? - Statystyki

Ogólne statystyki
  • Ten quiz został rozwiązany 21 razy
  • Średni wynik to 5 z 6
Statystyki odpowiedzi
Odpowiedź % Poprawnych
BABCI
89%
DZIADKA
89%
MATKI
89%
DZIECKA
84%
OJCA
84%
KOBIET
47%
Nie znaleziono quizów pasujących do podanych kryteriów
Rozkład punktacji
Procent ludzi z każdym wynikiem
Percentyl według liczby udzielonych odpowiedzi
Twoja historia wyników
Nie rozwiązałeś tego quizu